000 00385nam a2200157Ia 4500
008 210716s1985 xx 000 0 und d
020 _a70069212
041 _aeng
082 _a005.3001 BOYB
100 _aBoyce, Betty L;Popyk, Marilyn K.
245 _aWord processing concepts.
250 _a1
260 _aNew York
_bMcGraw Hill
_c1985
300 _aviii,184
650 _aNone
999 _c180625
_d180625